Human resources management / (Record no. 14505)
[ view plain ]
| 000 -LEADER | |
|---|---|
| fixed length control field | 00666nam a2200205 a 4500 |
| 003 - CONTROL NUMBER IDENTIFIER | |
| control field | PILC |
| 005 - DATE AND TIME OF LATEST TRANSACTION | |
| control field | 20150817141917.0 |
| 008 - FIXED-LENGTH DATA ELEMENTS--GENERAL INFORMATION | |
| fixed length control field | 100723s19uu xx 00 eng d |
| 020 ## - INTERNATIONAL STANDARD BOOK NUMBER | |
| International Standard Book Number | 08661215218 |
| 020 ## - INTERNATIONAL STANDARD BOOK NUMBER | |
| International Standard Book Number | 9780866121521 |
| 050 ## - LIBRARY OF CONGRESS CALL NUMBER | |
| Classification number | HF 5549 |
| Item number | .W894 1997 |
| 082 ## - DEWEY DECIMAL CLASSIFICATION NUMBER | |
| Classification number | MHSF 658.3 |
| Item number | W86 1997 |
| 100 ## - MAIN ENTRY--PERSONAL NAME | |
| Personal name | Woods, Robert H. |
| 9 (RLIN) | 12398 |
| 245 ## - TITLE STATEMENT | |
| Title | Human resources management / |
| Statement of responsibility, etc | Robert H. Woods. |
| 260 ## - PUBLICATION, DISTRIBUTION, ETC. (IMPRINT) | |
| Place of publication, distribution, etc | Lansing, Michigan : |
| Name of publisher, distributor, etc | Education institute of the American Hotel & Motel Association, |
| Date of publication, distribution, etc | 1997. |
| 300 ## - PHYSICAL DESCRIPTION | |
| Extent | 413 pages : |
| Other physical details | illustration ; |
| Dimensions | 24 cm. |
| 650 ## - SUBJECT ADDED ENTRY--TOPICAL TERM | |
| Topical term or geographic name as entry element | Management - Human resources |
| 9 (RLIN) | 15096 |
| 650 ## - SUBJECT ADDED ENTRY--TOPICAL TERM | |
| Topical term or geographic name as entry element | Personnel management |
| 9 (RLIN) | 685 |
| 942 ## - ADDED ENTRY ELEMENTS (KOHA) | |
| Source of classification or shelving scheme | Library of Congress Classification |
| Koha item type | Books |
| Withdrawn status | Lost status | Source of classification or shelving scheme | Damaged status | Home library | Current library | Shelving location | Date acquired | Total Checkouts | Full call number | Barcode | Date last seen | Copy number | Price effective from | Koha item type | Source of acquisition | Public note | Total Renewals | Date checked out | Sub Shelving location |
|---|---|---|---|---|---|---|---|---|---|---|---|---|---|---|---|---|---|---|---|
| Library of Congress Classification | Southville International School Affiliated with Foreign Universities Library | Southville International School Affiliated with Foreign Universities Library | Southville Foreign University Section | 08/29/2013 | HF 5549 .W894 1995 | SFU0863 | 05/15/2018 | 2 | 08/29/2013 | Books | |||||||||
| Withdrawn | Library of Congress Classification | Southville International School Affiliated with Foreign Universities Library | Southville International School Affiliated with Foreign Universities Library | 09/06/2013 | HF 5549 .W894 1997 | SFU1115 | 05/15/2018 | 1 | 09/06/2013 | Books | Donation | Books donated | |||||||
| Withdrawn | Library of Congress Classification | Southville International School Affiliated with Foreign Universities Library | Southville International School Affiliated with Foreign Universities Library | 09/06/2013 | HF 5549 .W894 1997 | SFU1116 | 05/15/2018 | 2 | 09/06/2013 | Books | Donation | Books donated | |||||||
| Library of Congress Classification | Southville International School Affiliated with Foreign Universities Library | Southville International School Affiliated with Foreign Universities Library | Southville Foreign University Section | 09/06/2013 | 2 | HF 5549 .W894 1997 | SFU1114 | 05/15/2018 | 1 | 09/06/2013 | Books | 2 | 02/06/2016 | ||||||
| Library of Congress Classification | Southville International School Affiliated with Foreign Universities Library | Southville International School Affiliated with Foreign Universities Library | Southville Foreign University Section | 08/17/2015 | 1 | HF 5549 .W894 1997 | SFU2512 | 05/15/2018 | 08/17/2015 | Books | Donation | 3 | 02/06/2016 | ||||||
| Library of Congress Classification | Southville International School Affiliated with Foreign Universities Library | Southville International School Affiliated with Foreign Universities Library | Southville Foreign University Section | 08/17/2015 | HF 5549 .W894 1997 | SFU2513 | 05/15/2018 | 08/17/2015 | Books | Donation |